000 00285nam a22001217a 4500
082 _a627 LIN'W
100 _aLINSLEY, RAY K,FRANZINI, JOSEPH B
_977549
245 _aWATER RESOURCES ENGINEERING
250 _a2ND
260 _aTOKYO
_bMCGRAW HILL
_c1972
300 _a690P
942 _cBK
999 _c582811
_d582811